000 00349pam a2200145 a 4500
020 _c
041 _h
100 _aPINGALI VENUGOPAL
_eAuthor
245 _aMANAGING YOUR SALES FORCE
_cPINGALI VENUGOPAL
_hTextual Documents
260 _anew Delhi
_brespons Books
300 _a185
653 _aManagement
700 _eCo-Author
930 _a3091
999 _c230490
_d230490